00870nam a2200181 a 450000100100000000500170001000800410002704000250006808200150009310000450010824500940015326000420024730000360028959000260032595201910035195201290054299900170067100004636020201002052821.0150804s1995 dr ac r 000 0 spa d aDO-SdBNPbspacBNPHU axxxxbQ64e1 aQuidiello de Bosch, Carmen,d1915-9825513aLa eterna Eva y el insoportable Adán :bsketch subversivo /cCarmen Quidiello de Bosch. aSanto Domingo :bAlfa Y Omega,c1995. a103 p. :bil., retrs. ;c22 cm. aInventariado, 2018/BT 0010718PDaPDbPDcHDd2015-08-04iLF1l0oxxxx Q64ep46360-10r2020-06-25w2020-06-25yLFPDzPerteneció a la biblioteca personal de Chiqui Vicioso / Fidelio Despradel.ZNo se presta 0010718PDaPDbPDcHDd2018-08-29iLF1l0oxxxx Q64ep46360-20r2020-06-25te. 2w2020-06-25yLFPDzAnonimo.ZNo se presta c45849d45849